000 00235nam a22000977a 4500
008 180802b xxu||||| |||| 00| 0 eng d
082 _a813.52
245 _aRussisch verhandeln
_cBerdicevskij,A
300 _a1
_fCassette
942 _2ddc
_cMX
999 _c46732
_d46732